A dog wearing shoes / Sangmi Ko.
Mini finds a dog wearing shoes but no collar and begs to keep him, but soon she realizes that whoever put the shoes on him loves the dog, as well.
Record details
- ISBN: 9780385383967
- ISBN: 0385383967
- Physical Description: 1 volume (unpaged) : illustrations (some color) ; 27 cm
- Edition: First edition.
- Publisher: New York : Schwartz & Wade Books, ©2015
Content descriptions
| General Note: | "A Junior Library Guild Selection"--Front dust Flap. |
| Target Audience Note: | Ages 4-8. |
Search for related items by subject
| Subject: | Dogs > Juvenile fiction. Lost articles > Juvenile fiction. |
Available copies
- 1 of 1 copy available at scottsboropl.
Holds
- 0 current holds with 1 total copy.
Show Only Available Copies
| Location | Call Number / Copy Notes | Barcode | Shelving Location | Status | Due Date |
|---|---|---|---|---|---|
| scottsboropl | E Ko | 32269000980220 | Juvenile - Easy | Available | - |
| LDR | 01318nam a2200361 i 4500 | ||
|---|---|---|---|
| 001 | 141010 | ||
| 003 | CONS | ||
| 005 | 20160412140104.0 | ||
| 008 | 140414s2015 nyua b 000 1 eng | ||
| 010 | . | ‡a 2014010934 | |
| 020 | . | ‡a9780385383967 ‡q(hardback) | |
| 020 | . | ‡a0385383967 ‡q(hardback) | |
| 035 | . | ‡a(CPomAG)LMN594098 | |
| 042 | . | ‡apcc ‡alcac | |
| 050 | 0 | 0. | ‡aPZ7.1.K67 ‡bDog 2015 |
| 082 | 0 | 0. | ‡a[E] ‡223 |
| 100 | 1 | . | ‡aKo, Sangmi, ‡eauthor, ‡eillustrator. |
| 245 | 1 | 2. | ‡aA dog wearing shoes / ‡cSangmi Ko. |
| 250 | . | ‡aFirst edition. | |
| 264 | 1. | ‡aNew York : ‡bSchwartz & Wade Books, ‡c©2015 | |
| 300 | . | ‡a1 volume (unpaged) : ‡billustrations (some color) ; ‡c27 cm | |
| 336 | . | ‡atext ‡btxt ‡2rdacontent | |
| 336 | . | ‡astill image ‡bsti ‡2rdacontent | |
| 337 | . | ‡aunmediated ‡bn ‡2rdamedia | |
| 338 | . | ‡avolume ‡bnc ‡2rdacarrier | |
| 500 | . | ‡a"A Junior Library Guild Selection"--Front dust Flap. | |
| 520 | . | ‡aMini finds a dog wearing shoes but no collar and begs to keep him, but soon she realizes that whoever put the shoes on him loves the dog, as well. | |
| 521 | 1 | . | ‡aAges 4-8. |
| 650 | 0. | ‡aDogs ‡vJuvenile fiction. | |
| 650 | 0. | ‡aLost articles ‡vJuvenile fiction. | |
| 914 | . | ‡aSCP_jd | |
| 959 | . | ‡i32269000980220 ‡lE Ko ‡aJuvenile - Easy ‡tEasy ‡g17.00 | |
| 852 | . | ‡p32269000980220 ‡jE Ko ‡gJuvenile - Easy ‡cEasy ‡y17.00 ‡bSBPL | |
| 901 | . | ‡a141010 ‡bUnknown ‡c141010 ‡tbiblio | |